| 000 | 00634cam a2200229ua 4500 | ||
|---|---|---|---|
| 001 | 5469 | ||
| 008 | 120924n ii |||gr||||Z||||||eng | ||
| 020 | _a81-7046-126-X | ||
| 040 | _cMAIN | ||
| 082 | _a305.8 | ||
| 100 | 1 |
_aSingh, K.S., _eGeneral editor. |
|
| 245 | 1 | 0 |
_aPeople of India : _bTripura / _ced. by Singh, K.S. |
| 250 | _bV. xli. | ||
| 260 |
_aCalcutta: _bAnthropological survey of India, _c1996. |
||
| 300 | _axix, 553p. | ||
| 653 | _aSociology | ||
| 653 | _aEthnic people of Tripura | ||
| 700 |
_aGanchaudhuri, Jagadish, _eEditor. |
||
| 700 |
_aSailo, S., _eEditor. |
||
| 700 |
_aDatta, M.S., _eEditor. |
||
| 942 | _cBK | ||
| 999 |
_c4649 _d4649 |
||